| 000 | 03271nam a22004697a 4500 | ||
|---|---|---|---|
| 001 | on1224904724 | ||
| 003 | TZ-ArACH | ||
| 005 | 20251024090719.0 | ||
| 008 | 251024b |||||||| |||| 00| 0 eng d | ||
| 010 | _a 2023427509 | ||
| 020 |
_a9781647489472 _q(hardback) |
||
| 020 |
_a1647489474 _q(hardback) |
||
| 020 |
_a9781647489243 _q(pbk.) |
||
| 029 | 1 |
_aAU@ _b000072811376 |
|
| 029 | 1 |
_aAU@ _b000070560514 |
|
| 035 |
_a(OCoLC)1224904724 _z(OCoLC)1319079865 |
||
| 040 |
_aMJP _beng _erda _cTZ-ArACH _dOCLCF _dLEV _dIHX _dY8N _dLMJ _dMJP _dOCLCO _dIG# |
||
| 042 | _alccopycat | ||
| 043 | _af------ | ||
| 049 | _aTZAA | ||
| 050 | 0 | 0 |
_aDT25 _b.A53 2020 |
| 080 | _a916.03 CAP | ||
| 110 | _aCaptivating History | ||
| 245 | 0 | 0 |
_aAncient African Kingdoms : _bA captivating guide to civilizations of ancient Africa such as the land of Punt, Carthage, the Kingdom of Aksum, the Mali Empire, and the Kingdom of Kush. |
| 246 | 3 | 0 | _aGuide to civilizations of ancient Africa such as the land of Punt, Carthage, the Kingdom of Aksum, the Mali Empire, and the Kingdom of Kush |
| 260 |
_aOregon: _bCaptivating History; _c2020 |
||
| 300 |
_a216 p.: _bill.; _c24 cm. |
||
| 490 | 1 | _aCaptivating history | |
| 504 | _aIncludes bibliographical references (pages 214-215). | ||
| 520 | _aAfrica is the continent where the first humans were born. They explored the vast land and produced the first tools. And although we migrated from that continent, we never completely abandoned it. From the beginning of time, humans lived and worked in Africa, leaving evidence of their existence in the sands of the Sahara desert and the valleys of the great rivers, such as the Nile and the Niger. Some of the earliest great civilizations were born there, and they give us an insight into the smaller kingdoms of ancient Africa. Egypt is the main source of knowledge of many neighboring kingdoms that were just as rich and developed. Unfortunately, they were forgotten in time, as other civilizations and kingdoms replaced them as the continent's power bases. Only recently are we rediscovering the might of the Kingdom of Aksum, the political prowess of Kush, and the richness of the mysterious Punt. The early medieval kingdoms of Ghana and Mali are still being researched due to their unique pre-Muslim culture and their own outlook on Islam. Because of the huge diversity that is the history of Africa, learning about it may be a bit of a challenge. Even though humanity started in that place, we somehow lost interest in it. And although the archaeology programs founded in the mid-20th century helped resolve this somewhat, we are still trying to eliminate the ignorance and racial prejudice of colonial times. Africa keeps many secrets, and they are there, ripe for the picking. The kingdoms discussed in this book serve as an inspiration to future generations to explore what lies below the African ground and behind its oral traditions. | ||
| 650 | 0 | _aCivilization. | |
| 650 | 6 | _aCivilisation. | |
| 650 | 7 |
_acivilization. _2aat |
|
| 650 | 7 |
_aCivilization _2fast |
|
| 651 | 0 |
_aAfrica _xHistory. |
|
| 651 | 0 |
_aAfrica _xCivilization. |
|
| 651 | 6 |
_aAfrique _xHistoire. |
|
| 651 | 7 |
_aAfrica _2fast |
|
| 655 | 7 |
_aHistory _2fast |
|
| 830 | 0 | _aCaptivating history. | |
| 942 |
_2lcc _cBOOK |
||
| 999 |
_c7554 _d7554 |
||